| 000 | 00704nam a2200193 i 4500 | ||
|---|---|---|---|
| 001 | 189955 | ||
| 003 | ES-MaACL | ||
| 005 | 20250911063610.0 | ||
| 008 | 200224s1969 sp |||| | spa d | ||
| 100 | 1 |
_aAlbiñana García-Quintana, César, _d1920-2007 _919384 |
|
| 245 | 1 | 0 |
_aIntroducción al sistema impositivo español / _cC. Albiñana. |
| 260 |
_aMadrid : _bGuadiana de Publicaciones, _c[1969] |
||
| 300 |
_a215 p. ; _c18 cm. |
||
| 490 | 1 |
_aColección Biblioteca Universitaria de Economía ; _v14 |
|
| 650 | 0 | 4 |
_aDerecho fiscal- _zEspaña _911709 |
| 830 | 0 |
_aColección Biblioteca Universitaria de Economía ; _v14 _9176868 |
|
| 852 |
_aES-MaACL _jP-1352-12 |
||
| 999 |
_c189955 _d189955 |
||